000 00831nam a2200253Ia 4500
003 OSt
005 20220923225009.0
006 a|||||r|||| 00| 0
007 ta
008 220922b |||||||| |||| 00| 0 hin d
024 _a254,925
037 _cTextual
040 _aARTS
_cARTS
_bhin
041 _2hin
_ahin
082 _aV2:51y7N07, 15L8
100 _aशास्त्री, स्वयंप्रकाश शर्मा
_9160531
245 0 _aश्री भक्त सिंहचरितम्
246 _aShrī bhakta sianhacharitam
260 _c1978
300 _a156पृ.
_ccm.
650 _aविश्व-इतिहास
942 _hV2:51y7N07, 15L8
_cTEXL
_2CC
999 _c375304
_d375304